000 00646cam a2200217 4500
001 WB3547-38
008 000000n1999 000 0 eng u
035 _a(Sirsi) u102941
245 0 4 _aThe house price lottery
260 0 _c1999
490 _aTimes
_v27 November 1999, 18(1)
520 _aWarns homeowners that residential valuations can vary widely, and particularly of the danger of over-valuation in a booming market.
590 _aWB
650 0 _aValuation
_96273
650 0 _aRESIDENTIAL VALUATIONS
650 0 _aOVER VALUATION
650 _aHOUSING MARKET
650 _aBOOM
690 _aRATING AND VALUATION
942 _n0
999 _c61847
_d61847